000 00340nam a22001337a 4500
020 _qPB.
040 _cFIZZA ISHAQ
082 _a973.072
_bLYN
100 _aCHENEY,V.LYNNE.
_9133796
245 _aTELLING THE TRUTH /
_cLYNNE V.CHENEY.
260 _aNEW YORK ;
_bSIMON & SCHUSTER,
_c1995.
300 _a255 P. ;
_c8.8X5.6IN
942 _2ddc
_cBK
999 _c616758
_d616758